| 000 -CABECERA |
| campo de control de longitud fija |
01214nam a2200241 a 4500 |
| 001 - NÚMERO DE CONTROL |
| campo de control |
000085748 |
| 005 - FECHA Y HORA DE LA ÚLTIMA TRANSACCIÓN |
| campo de control |
20200120224918.0 |
| 008 - DATOS DE LONGITUD FIJA--INFORMACIÓN GENERAL |
| campo de control de longitud fija |
180725s2016 ck a b 000 | spa d |
| 020 ## - NÚMERO INTERNACIONAL ESTÁNDAR DEL LIBRO |
| Número Internacional Estándar del Libro |
9789585961906 |
| 020 ## - NÚMERO INTERNACIONAL ESTÁNDAR DEL LIBRO |
| Número Internacional Estándar del Libro |
9789585961951 |
| 041 ## - CÓDIGO DE LENGUA |
| Código de lengua del texto/banda sonora o título independiente |
spa |
| 043 ## - CÓDIGO DE ÁREA GEOGRÁFICA |
| Código de área geográfica |
s-ck--- |
| 090 ## - LOCALMENTE ASIGNADO TIPO-LC NÚMERO DE CLASIFICACIÓN (OCLC); NÚMERO DE CLASIFICACIÓN LOCAL (RLIN) |
| Número de clasificación (OCLC) (R) ; Numero de clasificación, CALL (RLIN) (NR) |
P |
| Número cutter local (OCLC) ; Número de libro/Signatura topográfica íntegra, CALL (RLIN) |
OBECa |
| 100 1# - ENTRADA PRINCIPAL--NOMBRE DE PERSONA |
| Nombre de persona |
Obeso, Candelario |
| Fechas asociadas al nombre |
1849-1884 |
| 245 10 - MENCIÓN DE TÍTULO |
| Título |
Adiós. / |
| Mención de responsabilidad, etc. |
Candelario Obeso ; ilustraciones: Juan Camilo Mayorga. |
| 250 ## - MENCIÓN DE EDICIÓN |
| Mención de edición |
1a. ed. |
| 260 ## - PUBLICACIÓN, DISTRIBUCIÓN, ETC. |
| Lugar de publicación, distribución, etc. |
Bogotá : |
| Nombre del editor, distribuidor, etc. |
Cataplum Libros, |
| Fecha de publicación, distribución, etc. |
2016. |
| 300 ## - DESCRIPCIÓN FÍSICA |
| Extensión |
[22] páginas : |
| Otras características físicas |
ilustraciones a color. |
| 500 ## - NOTA GENERAL |
| Nota general |
"Adiós es un poema que recrea la alegría de un personaje de la costa que, después de una temporada alejado de su tierra natal, se prepara para volver. El poeta compara aquellas cosas que mas le gustan de su tierra (en especial el mar, que es un leit motiv) con las que hay en la ciudad andina en la que se encuentra. A este texto lo acompañan imágenes nostálgicas en las que el personaje se hunde en una ensoñación de su tierra natal y que, paralelo al texto, sugieren otra historia y otra lectura del poema." |
| 650 14 - PUNTO DE ACCESO ADICIONAL DE MATERIA--TÉRMINO DE MATERIA |
| Término de materia o nombre geográfico como elemento de entrada |
Literatura colombiana |
| Subdivisión cronológica |
Siglo XIX |
| 650 24 - PUNTO DE ACCESO ADICIONAL DE MATERIA--TÉRMINO DE MATERIA |
| Término de materia o nombre geográfico como elemento de entrada |
Poesía colombiana |
| 700 1# - PUNTO DE ACCESO ADICIONAL--NOMBRE DE PERSONA |
| Nombre de persona |
Mayorga, Juan Camilo |
| Término indicativo de función/relación |
ilustrador. |